000 00212nam a22000977a 4500
999 _c262570
_d262569
020 _a9780823424313
100 _aWill Hilenbrand
245 _aSpring Is Here
260 _aU.S.A
_bHoliday House
_c2011
942 _cBK